A textbook of economic analysis / (Record no. 20637)

MARC details
000 -LEADER
fixed length control field 00946nam a2200277 4500
005 - DATE AND TIME OF LATEST TRANSACTION
control field 19840917000000.0
008 - FIXED-LENGTH DATA ELEMENTS--GENERAL INFORMATION
fixed length control field 740903s1956 ii 000 0 eng
010 ## - LCCN (DPL NO)
LC control number ENG-92358
020 ## - INTERNATIONAL STANDARD BOOK NUMBER
International Standard Book Number 9788180522444
Terms of availability 325.00
020 ## - INTERNATIONAL STANDARD BOOK NUMBER
International Standard Book Number 818052244X
Terms of availability 325.00
035 ## - SYSTEM CONTROL NUMBER
System control number EN-75891
037 ## - SOURCE OF ACQUISITION
Source of stock number/acquisition DBAD / PUB
040 ## - CATALOGING SOURCE
Original cataloging agency dpl
Language of cataloging English
082 ## - DEWEY DECIMAL CLASSIFICATION NUMBER
Classification number 330
100 ## - MAIN ENTRY--PERSONAL NAME
Personal name Agarwal, H.S.
110 ## - MAIN ENTRY--CORPORATE NAME
Corporate name or jurisdiction name as entry element India.
245 ## - TITLE STATEMENT
Title A textbook of economic analysis /
Statement of responsibility, etc by H.S. Agarwal
250 ## - EDITION STATEMENT
Edition statement 9th ed
260 ## - PUBLICATION, DISTRIBUTION, ETC. (IMPRINT)
Place of publication, distribution, etc New Delhi
Name of publisher, distributor, etc Ane Books
Date of publication, distribution, etc 2008
270 ## - ADDRESS
Address 4821, Parwana Bhawan, Ist Floor, 24, Ansari Road, Darya Ganj,
City New Delhi
Postal code 110002
300 ## - PHYSICAL DESCRIPTION
Extent xxvi, 1233p.
Dimensions 22 cm (pbk)
500 ## - GENERAL NOTE
General note Includes bibliographical references
650 ## - SUBJECT ADDED ENTRY--TOPICAL TERM
Topical term or geographic name as entry element Economics.
942 ## - ADDED ENTRY ELEMENTS (KOHA)
Source of classification or shelving scheme Dewey Decimal Classification
Item type English Books
Call number suffix AGA
Classification part 330
Holdings
Withdrawn status Lost status Source of classification or shelving scheme Damaged status Not for loan Collection code Home library Current library Date acquired Source of acquisition Cost, normal purchase price Total Checkouts Full call number Barcode Date last seen Copy number Cost, replacement price Koha item type
    Dewey Decimal Classification   Not For Loan Non-fiction D.B.Act.Division D.B.Act.Division 06/01/2009 DBAB / PUB 325.00   330 AGA EN-75891 06/01/2009 1 325.00 English Books

© Delhi Public Library
Hit Counter
free hit counter